<?xml version="1.0" encoding="UTF-8"?>
<record
    xmlns:xsi="http://www.w3.org/2001/XMLSchema-instance"
    xsi:schemaLocation="http://www.loc.gov/MARC21/slim http://www.loc.gov/standards/marcxml/schema/MARC21slim.xsd"
    xmlns="http://www.loc.gov/MARC21/slim">

  <leader>00948nam a22001937a 4500</leader>
  <controlfield tag="005">20231207154523.0</controlfield>
  <controlfield tag="008">231204b           ||||| |||| 00| 0 eng d</controlfield>
  <datafield tag="040" ind1=" " ind2=" ">
    <subfield code="c">AL</subfield>
  </datafield>
  <datafield tag="041" ind1=" " ind2=" ">
    <subfield code="a">Kannada</subfield>
  </datafield>
  <datafield tag="082" ind1=" " ind2=" ">
    <subfield code="2">23</subfield>
    <subfield code="a">305.895487K</subfield>
    <subfield code="b">SHAV</subfield>
  </datafield>
  <datafield tag="100" ind1=" " ind2=" ">
    <subfield code="a">Shamshuddin B A &#xCB6;&#xC82;&#xCB6;&#xCC1;&#xCA6;&#xCCD;&#xCA6;&#xCC0;&#xCA8;&#xCCD; &#xCAC;&#xCBF; &#xC8E; </subfield>
    <subfield code="9">144600</subfield>
  </datafield>
  <datafield tag="245" ind1=" " ind2=" ">
    <subfield code="a">Vishista Beary Jananga:jana janapada bhashe sahithya samskruti &#xCB5;&#xCBF;&#xCB6;&#xCBF;&#xCB7;&#xCCD;&#xC9F; &#xCAC;&#xCCD;&#xCAF;&#xCBE;&#xCB0;&#xCBF; &#xC9C;&#xCA8;&#xCBE;&#xC82;&#xC97; :&#xC9C;&#xCA8; &#xC9C;&#xCA8;&#xCAA;&#xCA6; &#xCAD;&#xCBE;&#xCB7;&#xCC6; &#xCB8;&#xCBE;&#xCB9;&#xCBF;&#xCA4;&#xCCD;&#xCAF; &#xCB8;&#xC82;&#xCB8;&#xCCD;&#xC95;&#xCC3;&#xCA4;&#xCBF; </subfield>
  </datafield>
  <datafield tag="260" ind1=" " ind2=" ">
    <subfield code="a">Mangalagangothri &#xCAE;&#xC82;&#xC97;&#xCB3;&#xC97;&#xC82;&#xC97;&#xCCB;&#xCA4;&#xCCD;&#xCB0;&#xCBF;</subfield>
    <subfield code="b"> Prasaranga Mangalore University &#xCAA;&#xCCD;&#xCB0;&#xCB8;&#xCBE;&#xCB0;&#xCBE;&#xC82;&#xC97; &#xCAE;&#xC82;&#xC97;&#xCB3;&#xCC2;&#xCB0;&#xCC1; &#xCB5;&#xCBF;&#xCB6;&#xCCD;&#xCB5;&#xCB5;&#xCBF;&#xCA6;&#xCCD;&#xCAF;&#xCBE;&#xCA8;&#xCBF;&#xCB2;&#xCAF; </subfield>
    <subfield code="c">2021</subfield>
  </datafield>
  <datafield tag="300" ind1=" " ind2=" ">
    <subfield code="a">60 p.</subfield>
    <subfield code="b">PB</subfield>
    <subfield code="c">21x14 cm.</subfield>
  </datafield>
  <datafield tag="365" ind1=" " ind2=" ">
    <subfield code="a">063-065</subfield>
    <subfield code="b">&#x20B9;25.00</subfield>
    <subfield code="c">&#x20B9;</subfield>
    <subfield code="d">&#x20B9;50.00</subfield>
    <subfield code="e">50%</subfield>
    <subfield code="f">23-11-2023</subfield>
  </datafield>
  <datafield tag="650" ind1=" " ind2=" ">
    <subfield code="a">A Study of Beary Community</subfield>
    <subfield code="9">144146</subfield>
  </datafield>
  <datafield tag="700" ind1=" " ind2=" ">
    <subfield code="a">SHAMSHUDDIN (B A)</subfield>
    <subfield code="9">144601</subfield>
  </datafield>
  <datafield tag="942" ind1=" " ind2=" ">
    <subfield code="2">ddc</subfield>
    <subfield code="c">BK</subfield>
  </datafield>
  <datafield tag="999" ind1=" " ind2=" ">
    <subfield code="c">229360</subfield>
    <subfield code="d">229360</subfield>
  </datafield>
  <datafield tag="952" ind1=" " ind2=" ">
    <subfield code="0">0</subfield>
    <subfield code="1">0</subfield>
    <subfield code="2">ddc</subfield>
    <subfield code="4">0</subfield>
    <subfield code="7">0</subfield>
    <subfield code="8">KAN</subfield>
    <subfield code="a">AL</subfield>
    <subfield code="b">AL</subfield>
    <subfield code="d">2023-11-24</subfield>
    <subfield code="e">Prasaranga Mangalore University</subfield>
    <subfield code="g">25.00</subfield>
    <subfield code="l">0</subfield>
    <subfield code="o">305.895487K SHAV</subfield>
    <subfield code="p">076939</subfield>
    <subfield code="r">2023-12-04 00:00:00</subfield>
    <subfield code="v">50.00</subfield>
    <subfield code="w">2023-12-04</subfield>
    <subfield code="y">BK</subfield>
  </datafield>
</record>
